| 000 | 00516nam a2200157 a 4500 | ||
|---|---|---|---|
| 001 | 000033802 | ||
| 005 | 20200930070530.0 | ||
| 008 | 110912s1878 sp r 000 0 spa d | ||
| 040 |
_aDO-SdBNP _bspa _cBNPHU |
||
| 082 |
_axxxx _bG984f |
||
| 100 | 1 |
_aGutiérrez, Carlos _959223 |
|
| 245 | 1 | 0 |
_aFray Bartolomé de las Casas : _bsus tiempos y su apostolado / _ccon un prólogo de Emilio Castelar. |
| 260 |
_aMadrid : _bImprenta de Fortanet, _c1878. |
||
| 300 |
_axxxix, 460 p. ; _c24 cm. |
||
| 700 | 1 |
_aCastelar, Emilio _959224 |
|
| 999 |
_c33293 _d33293 |
||